Cuaderno del autocuidado: texto guía del estudiante
I tiakina i:
| Kaituhi matua: | |
|---|---|
| Ētahi atu kaituhi: | , |
| Hōputu: | Pukapuka |
| Reo: | Pāniora |
| I whakaputaina: |
Valparaíso
PUCV
2012
|
| Putanga: | 2a. ed |
| Ngā marau: | |
| Ngā Tūtohu: |
Tāpirihia he Tūtohu
Kāore He Tūtohu, Me noho koe te mea tuatahi ki te tūtohu i tēnei pūkete!
|
MARC
| LEADER | 00000cam a2200000 a 4500 | ||
|---|---|---|---|
| 001 | UCE2555 | ||
| 003 | CL-VaPUC | ||
| 005 | 20250310115630.0 | ||
| 008 | 140710e20120000cl |||||||||||||||||spa|d | ||
| 999 | |c 356145 |d 356143 | ||
| 040 | |c Pontificia Universidad Católica de Valparaíso | ||
| 082 | 0 | 4 | |a 613 |b ESP |2 21 |
| 100 | |a Espinoza Oteíza, Luis René |e autor |9 749901 | ||
| 245 | 1 | 0 | |a Cuaderno del autocuidado: texto guía del estudiante |
| 250 | |a 2a. ed | ||
| 260 | |a Valparaíso |b PUCV |c 2012 | ||
| 300 | |a 156 p | ||
| 583 | |a last modification |c 20140710 11:54:00 |k Rodrigo Vera | ||
| 650 | 0 | |a Salud |9 258663 | |
| 650 | 0 | |a Autocuidado |9 546273 | |
| 650 | 0 | |a Prevención de enfermedades |9 393975 | |
| 700 | |a Gálvez Carvajal, Jorge Eduardo |e autor |9 743430 | ||
| 700 | |a Rodríguez Rodríguez, Fernando Javier |e autor |9 797575 | ||
| 942 | |c BK |2 ddc | ||
| 945 | |d 20140710 11:54:00 |a dcastane | ||
| 952 | |0 0 |1 0 |3 erd |4 0 |6 613_000000000000000_ESP_2012 |7 0 |8 A |9 463306 |a BIBAGR |b BIBAGR |i 5032369 |l 1 |o 613 ESP 2012 |p 5032369 |r 2025-04-04 |s 2025-04-04 |w 2019-11-23 |y BK |z Catalogado en:20140710 |k AGR | ||
| 952 | |0 0 |1 0 |3 erd |4 0 |6 613_000000000000000_ESP_2012 |7 0 |8 A |9 463307 |a BIBING |b BIBING |i 5032377 |o 613 ESP 2012 |p 5032377 |r 2025-01-20 |w 2019-11-23 |y BK |z Catalogado en:20140710 |k CUI | ||
| 952 | |0 0 |1 0 |3 erd |4 0 |6 613_000000000000000_ESP_2012 |7 0 |8 C |9 463308 |a BIBCUR |b BIBCUR |i 5032385 |o 613 ESP 2012 |p 5032385 |r 2025-04-22 |w 2019-11-23 |y BK |z Catalogado en:20140710 |k CAC | ||
| 952 | |0 0 |1 0 |3 erd |4 0 |6 613_000000000000000_ESP_2012 |7 0 |8 X |9 463309 |a FDOBUD |b FDOBUD |i 5501059 |o 613 ESP 2012 |p 5501059 |r 2019-11-23 |w 2019-11-23 |y BK_X |z Catalogado en:20181026 |k FHP | ||